| 000 | 01889cam a2200529 a 4500 | ||
|---|---|---|---|
| 001 | 22009 | ||
| 003 | VRT | ||
| 005 | 20260317150245.0 | ||
| 008 | 240318s2011 xo g 000 f slo | ||
| 015 | _aSNBA2012/04-02258 | ||
| 020 |
_a9788055125060 _q(viaz.) |
||
| 035 | _a8E5096DA-F22B-4DCC-A3D3-A90432CFA1E4 | ||
| 035 | _aurn:nbn:sk:snk-amji5b | ||
| 035 | _aurn:nbn:sk:snk-am001rqk | ||
| 039 | 9 |
_a202403181954 _bVLOAD _c202107132125 _dAUTHORITY _c201808091729 _dVLOAD _c201608051420 _dmsavuk01 |
|
| 040 |
_aSVKBB _bslo _cSVKBB _dSNK _eAACR2 |
||
| 041 | 1 |
_aslo _heng |
|
| 044 |
_axo _cSK |
||
| 072 | 7 |
_a821.111(73)-3 _xAmerická próza _2konspekt |
|
| 080 |
_a821.111(73)-31 _22001 |
||
| 080 |
_a(0:82-312.4) _22001 |
||
| 080 |
_a(0:82-312.5) _22001 |
||
| 100 | 1 |
_aKate, Lauren, _d1981- _4aut |
|
| 240 | 1 | 0 |
_aTorment _lSlovensky |
| 245 | 1 | 0 |
_aSúženie _cLauren Kateová ; [z anglického originálu preložila Saskia Hudecová] |
| 246 | 3 | 0 | _aPadlí anjeli |
| 260 |
_aBratislava _bIkar _c2011 |
||
| 300 |
_a293 s. _c23 cm |
||
| 500 | _aDruhá časť nebezpečne vzrušujúcej a tajomne romantickej tetralógie | ||
| 655 | 7 |
_aamerické romány _2SNKPH |
|
| 655 | 7 |
_atrilery (romány) _2SNKPH |
|
| 655 | 7 |
_aľúbostné romány _2SNKPH |
|
| 655 | 7 |
_aAmerican fiction _2SNKPHeng |
|
| 655 | 7 |
_aThrillers (novels) _2SNKPHeng |
|
| 655 | 7 |
_aLove novels _2SNKPHeng |
|
| 700 | 1 |
_aHudecová, Saskia _4trl |
|
| 942 |
_2ddc _cKLDO _n0 |
||
| 949 |
_6270001000383927 _asvkbbB 45091-2 _bsvkbbm 719339 |
||
| 949 |
_617A0705602 _asnkSC 143726/2 _bsnk2011/14185 _o1563/11 |
||
| 949 |
_617A0707758 _asnkSC 143726/2 D1 _bsnk2011/15580 _o1563/11 |
||
| 949 |
_6273K0539343 _asvkpoB 86274 _bsvkpo543231 |
||
| 949 |
_62889173652 _asavukPV 14933 _bsavuk2011/3107 |
||
| 980 | _a821.111(73)-31 | ||
| 980 | _a(0:82-312.4) | ||
| 980 | _a(0:82-312.5) | ||
| 999 |
_c22009 _d22009 |
||